000 00619nam a2200241Ia 4500
003 OSt
005 20221005115626.0
006 a|||||r|||| 00| 0
007 ta
008 221004b |||||||| |||| 00| 0 san d
024 _a44363
037 _cTextual
040 _aCRL
_cCRL
_bsan
041 _2san
_asan
082 _aO164:3x, 15G4
100 _aModak Govind Krishna
_9627879
245 0 _aChorchatvarinsi katha
260 _c1934
650 _a ENGLISH LITERATURE
650 _aIRANIAN LITERATURE
942 _hO164:3x, 15G4
_cTEXL
_2cc
999 _c1035431
_d1035431